| 000 | 00749nam a2200253 a 4500 | ||
|---|---|---|---|
| 001 | 000025996 | ||
| 003 | DO-SdBNP | ||
| 005 | 20171020092313.0 | ||
| 007 | 000025996 | ||
| 008 | 110225s1999 dr a 000 0 spa d | ||
| 040 |
_aBPMSU _bspa _cBPMSU |
||
| 049 | _a | ||
| 092 |
_axxx _bL937a |
||
| 100 | 1 | _aLuciano López, Margarita | |
| 245 | 1 | 0 |
_aAprendizaje de las tablas de multiplicar / _cMargarita Luciano López. |
| 260 |
_aSanto Domingo : _bPunto Gráfico, _c1999. |
||
| 300 |
_a55 p. : _bil. ; _c21 cm. |
||
| 490 | 1 |
_aOrientaciones matemáticas _v4 |
|
| 504 | _aBibliografía p. 55 | ||
| 830 | 0 | _aOrientaciones matemáticas | |
| 942 |
_2ddc _cBK |
||
| 945 | _aInventariado de texto / 2017 VM | ||
| 956 |
_aVMATEO _b10 _c20150706 _lBPMSU _h0069 |
||
| 999 |
_c7221 _d7221 |
||